000 00478nam a2200181Ia 4500
001 8253
005 20260306160555.0
008 260306t2006||||xx |||||||||||||| ||spa||
041 _aESP
082 _a370.152
_bA82
100 _aAsociación Mundial de Educadores Infantiles
_eAUT
245 0 _aLa educación de la primera infancia:
_breto del siglo XXI
260 _c2006
300 _a263 páginas :
_c24 cm.
650 _aGEN
654 _aCED
942 _cLIB
_dJUS
_fJUS
_2ddc
_n
999 _c8253
_d8253